HMSalud : (Registro nro. 2852)
[ vista simple ]
| 000 -LEADER | |
|---|---|
| campo de control de longitud fija | 01002nam a2200193 4500 |
| 001 - NÚMERO DE CONTROL | |
| campo de control | 2852 |
| 005 - FECHA Y HORA DE LA ÚLTIMA TRANSACCIÓN | |
| campo de control | 20251016124146.0 |
| 008 - DATOS DE LONGITUD FIJA--INFORMACIÓN GENERAL | |
| campo de control de longitud fija | 251016e2012 cl n|gsr||||c00| 00spa |
| 040 ## - FUENTE DE CATALOGACIÓN | |
| Centro catalogador/agencia de origen | hms |
| Centro/agencia transcriptor | spa |
| Centro/agencia modificador | hms |
| 110 1# - ENTRADA PRINCIPAL--NOMBRE DE ENTIDAD CORPORATIVA | |
| Nombre de entidad corporativa o nombre de jurisdicción como elemento de entrada | Ejercito de Chile |
| Unidad subordinada | Comando de Salud |
| 9 (RLIN) | 4450 |
| 245 10 - MENCIÓN DEL TÍTULO | |
| Título | HMSalud : |
| Resto del título | Revista Hopital Militar de Santiago / |
| Mención de responsabilidad, etc. | Director Coronel Erick Strömbäck Cerda ; Redacción y edición Sofía Fauré. |
| Medio | [revista electrónica] |
| 246 30 - FORMA VARIANTE DEL TITULO | |
| Título propio/Titulo breve | Revista Hopital Militar de Santiago |
| 260 ## - PUBLICACIÓN, DISTRIBUCIÓN, ETC. | |
| Lugar de publicación, distribución, etc. | Santiago de Chile : |
| Nombre del editor, distribuidor, etc. | s/i, |
| Fecha de publicación, distribución, etc. | 2012 |
| 300 ## - DESCRIPCIÓN FÍSICA | |
| Extensión | 14 páginas : |
| Otras características físicas | ilustraciones ; |
| Dimensiones | 28 cm. |
| 505 ## - NOTA DE CONTENIDO CON FORMATO | |
| Nota de contenido con formato | Servicio de urgencia. -- Alzheimer una enfermedad compartida. -- Cuando la vida supera la enfermedad, una historia de empuje y superación. -- Cáncer de mama, la importancia de llegar a tiempo. -- Colegio hospitalario, Hospital Militar educación desde el amor.<br/>.<br/> |
| 650 #7 - PUNTO DE ACCESO ADICIONAL DE MATERIA--TÉRMINO DE MATERIA | |
| Término de materia o nombre geográfico como elemento de entrada | Salud |
| Subdivisión de forma | Publicaciones periódicas. |
| 9 (RLIN) | 4451 |
| 856 40 - LOCALIZACIÓN Y ACCESO ELECTRÓNICOS | |
| Identificador Uniforme de Recursos | <a href="https://nube.hms.cl/index.php/s/kimsDbwP7N6wEzG">https://nube.hms.cl/index.php/s/kimsDbwP7N6wEzG</a> |
| 942 ## - ELEMENTOS DE ENTRADA SECUNDARIOS (KOHA) | |
| Fuente del sistema de clasificación o colocación | Clasificación Decimal Dewey |
| Suprimir en OPAC | No |
| Tipo de ítem Koha | Colección de Hemeroteca |
| Estatus retirado | Estado de pérdida | Fuente del sistema de clasificación o colocación | Estado de daño | No para préstamo | Colección | Biblioteca de origen | Biblioteca actual | Ubicación en estantería | Fecha de adquisición | Número de inventario | Total de préstamos | Signatura topográfica completa | Código de barras | Visto por última vez | Copia número | Precio de reemplazo | Tipo de ítem Koha |
|---|---|---|---|---|---|---|---|---|---|---|---|---|---|---|---|---|---|
| Clasificación Decimal Dewey | Colección Reserva | Biblioteca Hospital Militar de Santiago | Biblioteca Hospital Militar de Santiago | Full Space | 16/10/2025 | 0002977 | Ed. No. 5 Oct. 2012 | 0002977 | 16/10/2025 | c.1 | 16/10/2025 | Colección de Hemeroteca |
